000 01640cam a22002653a 4500
001 42710
003 PGUSA
005 20140828083952.0
008 130513s2013||||xxu|||||s|||||000 e eng d
040 _aPGUSA
_beng
042 _adc
050 4 _aPS
100 1 _aMackall, Lawton,
_d1888-1968
245 1 0 _aBizarre
_h[electronic resource] /
_cLawton Mackall
260 _bProject Gutenberg,
_c2013
505 0 _aUnsolicited personal adornments -- Shelf culture -- Portable pigeonholes -- Simile -- The beatified race -- Jouez balle -- The art of packing -- Agriculture indoors -- Snowy bosoms -- Interior desperation -- The writing on the screen -- Musique glacée -- The care of the husband -- Terminology of tardiness -- Oppressors of the meek -- Putting pedagogy across -- Coaching from the side-lines -- Fast and loose -- The primrose pathology -- Fightier than the sword -- Enlightenment -- Holiday misgivings -- All, all are gone, the old familiar façades -- My museum -- On chairs; and off -- The night of the fleece -- Black jitney: the auto-biography of a Ford -- Light breakfast -- The man opposite -- Lucy the literary agent -- The creeping fingers -- The man with the hose -- Those symphony concert programs -- How to know the instruments -- Notes on pianos -- The life-drama of a musical critic -- The survival of the fattest.
506 _aPublic domain in the USA.
516 _aElectronic text
653 _aAmerican wit and humor
653 _aAmerican essays -- 20th century
700 1 _aStout, Lauren
830 0 _aProject Gutenberg
_v42710
856 4 0 _uhttp://www.gutenberg.org/ebooks/42710
942 _cEB
999 _c271962
_d271962